[Event "4th GRENKE Open 2019"]
[Site "Karlsruhe"]
[Date "2019.04.19"]
[Round "2.60"]
[White "Swayams, Mishra"]
[Black "Tiarks, Jann-Christian"]
[Result "1-0"]
[WhiteElo "2478"]
[BlackElo "2224"]
[Annotator "TA"]
[PlyCount "133"]
[EventDate "2019.04.18"]
[EventType "swiss"]
[EventCountry "GER"]
[SourceTitle "playchess.com"]
[Source "ChessBase"]
[SourceQuality "1"]

1. d4 d5 2. Nf3 c6 3. Bf4 Bf5 4. e3 Nf6 5. c4 e6 6. Nc3 Nbd7 7. Qb3 Qb6 8. c5 Qxb3 9. axb3 a6 10. h3 h6 11. b4 Rc8 12. Nd2 Be7 13. Nb3 Bd8 14. Bd6 Ne4 15. Nxe4 Bxe4 16. Na5 Bxa5 17. bxa5 f6 18. Ra4 Ra8 19. Rb4 Ra7 20. Be2 Kf7 21. f3 Bg6 22. Kd2 Ke8 23. Bc7 Ke7 24. Ra1 Rc8 25. Bd6+ Kd8 26. Ra3 Rca8 27. Rab3 Kc8 28. h4 f5 29. Bd3 Bf7 30. Ke2 Nf6 31. Be5 Ne8 32. g4 g6 33. h5 Nc7 34. Bg7 gxh5 35. gxf5 Nb5 36. Ra4 Kd7 37. f6 Re8 38. f4 Rg8 39. Ra1 Raa8 40. Bh7 Rad8 41. Rg1 Kc8 42. Kf2 Nc7 43. Bxg8 Rxg8 44. Bxh6 Rxg1 45. Kxg1 Nb5 46. Rd3 Kd7 47. Rd2 Ke8 48. Rg2 Nc7 49. Rg7 Kf8 50. Kh2 Nb5 51. Kg3 Nc7 52. Kh4 Nb5 53. f5 exf5 54. Bf4 Na7 55. Kg5 Nb5 56. Bb8 Ke8 57. Rh7 f4 58. Kxf4 Kf8 59. Kg5 Kg8 60. Rg7+ Kf8 61. Kf5 h4 62. Rh7 h3 63. Rh8+ Bg8 64. Kg6 h2 65. f7 h1=Q 66. fxg8=Q+ Ke7 67. Qe8# 1-0

[Event "4th GRENKE Open 2019"]
[Site "Karlsruhe"]
[Date "2019.04.19"]
[Round "2.61"]
[White "Polatel, Ali"]
[Black "Milov, Leonid"]
[Result "1/2-1/2"]
[WhiteElo "2235"]
[BlackElo "2474"]
[Annotator "TA"]
[PlyCount "38"]
[EventDate "2019.04.18"]
[EventType "swiss"]
[EventCountry "GER"]
[SourceTitle "playchess.com"]
[Source "ChessBase"]
[SourceQuality "1"]

1. Nf3 f5 2. d3 Nc6 3. d4 d6 4. d5 Ne5 5. Nxe5 dxe5 6. e4 Nf6 7. Nc3 e6 8. Bb5+ Kf7 9. dxe6+ Bxe6 10. Qe2 f4 11. Bd2 c6 12. Bc4 Qe8 13. Bb3 b5 14. g3 fxg3 15. hxg3 a5 16. Bxe6+ Qxe6 17. a4 b4 18. Nd1 Bc5 19. f3 Bd4 1/2-1/2

[Event "4th GRENKE Open 2019"]
[Site "Karlsruhe"]
[Date "2019.04.19"]
[Round "2.62"]
[White "de Francesco, Klaus"]
[Black "Henderson de La Fuente, Lance"]
[Result "0-1"]
[WhiteElo "2233"]
[BlackElo "2471"]
[Annotator "TA"]
[PlyCount "132"]
[EventDate "2019.04.18"]
[EventType "swiss"]
[EventCountry "GER"]
[SourceTitle "playchess.com"]
[Source "ChessBase"]
[SourceQuality "1"]

1. d4 e6 2. e4 d5 3. exd5 exd5 4. Nf3 Bd6 5. Bd3 Nc6 6. c3 Bg4 7. h3 Bh5 8. O-O Nge7 9. Re1 Qd7 10. b4 O-O-O 11. b5 Na5 12. Qa4 Bxf3 13. Qxa5 Kb8 14. Nd2 Bh5 15. Ba3 Bg6 16. Bf1 Nc8 17. Bxd6 Nxd6 18. Qb4 Rhe8 19. a4 Rxe1 20. Rxe1 Re8 21. Rc1 Qe7 22. a5 Ne4 23. Qxe7 Rxe7 24. Re1 Re6 25. Nxe4 Rxe4 26. Rxe4 Bxe4 27. f3 Bg6 28. Kf2 Kc8 29. Ke3 Kd7 30. h4 f6 31. g4 h6 32. f4 Kd6 33. c4 dxc4 34. Bxc4 b6 35. axb6 axb6 36. g5 c6 37. bxc6 Kxc6 38. gxh6 gxh6 39. Kf3 Bf5 40. Ke3 b5 41. Bf7 b4 42. Be8+ Kd6 43. Ba4 Bg6 44. Bb3 Bf5 45. Ba4 Kd5 46. Bb3+ Kc6 47. Ba4+ Kb6 48. Bb3 Kb5 49. Kd2 Bh3 50. Ke2 Bg2 51. Kf2 Be4 52. Ke3 Bb1 53. Kd2 Kc6 54. Ke3 Kd6 55. Kd2 Be4 56. Ke3 Bd5 57. Bd1 Bc4 58. Bf3 Kc7 59. Be4 Kb6 60. Bb1 Bd5 61. Bd3 Ka5 62. Bc2 b3 63. Bb1 Kb4 64. Kd3 f5 65. Kd2 Be4 66. d5 Kc5 0-1

[Event "4th GRENKE Open 2019"]
[Site "Karlsruhe"]
[Date "2019.04.19"]
[Round "2.63"]
[White "Sonis, Francesco"]
[Black "Muetsch, Annmarie"]
[Result "1/2-1/2"]
[WhiteElo "2467"]
[BlackElo "2223"]
[Annotator "TA"]
[PlyCount "116"]
[EventDate "2019.04.18"]
[EventType "swiss"]
[EventCountry "GER"]
[SourceTitle "playchess.com"]
[Source "ChessBase"]
[SourceQuality "1"]

1. Nf3 Nf6 2. g3 g6 3. b3 Bg7 4. Bb2 d6 5. d4 O-O 6. Bg2 c5 7. O-O cxd4 8. Nxd4 d5 9. c4 e5 10. Nf3 e4 11. Nd4 dxc4 12. Nd2 cxb3 13. Qxb3 Nc6 14. e3 Nxd4 15. Bxd4 Re8 16. Rfc1 Qe7 17. a4 Bf5 18. a5 Rec8 19. Rxc8+ Rxc8 20. Rb1 Qc7 21. Qxb7 Qxa5 22. Qb2 Qd5 23. h3 h5 24. g4 hxg4 25. hxg4 Bxg4 26. Nxe4 Nxe4 27. Bxg7 Qg5 28. f4 Qf5 29. Bh8 f6 30. Qb7 Kxh8 31. Bxe4 Qc5 32. Kf2 f5 33. Rh1+ Bh5 34. Bf3 Rc7 35. Qb2+ Kg8 36. Qb8+ Rc8 37. Qb3+ Kg7 38. Bxh5 gxh5 39. Qe6 Qc2+ 40. Kg3 Rg8 41. Rxh5 Kf8+ 42. Rg5 Rxg5+ 43. fxg5 Qe4 44. Qh6+ Kg8 45. g6 Qe5+ 46. Kf2 Qh8 47. Qf4 Qf6 48. Qh6 Qh8 49. Qg5 Qe5 50. Qh4 Qb2+ 51. Kg3 Qe5+ 52. Kf2 Qb2+ 53. Kf3 Qb7+ 54. Kg3 Qc7+ 55. Kf2 Qc2+ 56. Kg3 Qc7+ 57. Kf2 Qc2+ 58. Kg3 Qc7+ 1/2-1/2

[Event "4th GRENKE Open 2019"]
[Site "Karlsruhe"]
[Date "2019.04.19"]
[Round "2.64"]
[White "Cofmann, Veaceslav"]
[Black "Dourerassou, Jonathan"]
[Result "1/2-1/2"]
[WhiteElo "2232"]
[BlackElo "2465"]
[Annotator "TA"]
[PlyCount "128"]
[EventDate "2019.04.18"]
[EventType "swiss"]
[EventCountry "GER"]
[SourceTitle "playchess.com"]
[Source "ChessBase"]
[SourceQuality "1"]

1. d4 d5 2. c4 e6 3. Nc3 Nf6 4. Bg5 Be7 5. e3 Nbd7 6. Nf3 O-O 7. Qc2 c5 8. Rd1 cxd4 9. Nxd4 Nb6 10. Nf3 Bd7 11. Bxf6 Bxf6 12. cxd5 exd5 13. Be2 Rc8 14. Nd4 Na4 15. O-O Nxc3 16. bxc3 Qa5 17. Qb2 b6 18. Rc1 Rc7 19. Nb3 Qa4 20. Rfd1 Be6 21. Nd4 Rfc8 22. h3 Qa5 23. Rd3 Bd7 24. Bg4 Bxg4 25. hxg4 g6 26. Qb3 Rc5 27. g3 Qa6 28. Rcd1 Ra5 29. Nc2 Qc4 30. Nb4 Qxg4 31. Nxd5 Bg5 32. Rd4 Qf3 33. R1d2 Re8 34. Qc4 Kg7 35. Qe2 Qf5 36. Rd1 Re4 37. Rxe4 Qxe4 38. c4 h5 39. Qb2+ Kh7 40. Rd4 Qf3 41. Qc2 Rc5 42. a4 Kg7 43. Re4 Qf5 44. Qd3 Ra5 45. Qc3+ Bf6 46. Qc2 Be5 47. Kg2 Rc5 48. f3 Qe6 49. Qd3 f5 50. Rh4 Qd7 51. Qb3 Qd6 52. e4 Bxg3 53. Rh3 h4 54. exf5 Qe5 55. f6+ Kf7 56. Qa2 Rc6 57. Rh1 Re6 58. Qd2 Be1 59. Qf4 Qxf4 60. Nxf4 Rxf6 61. Nd3 Bg3 62. c5 bxc5 63. Nxc5 g5 64. Ne4 Ra6 1/2-1/2

[Event "4th GRENKE Open 2019"]
[Site "Karlsruhe"]
[Date "2019.04.19"]
[Round "2.65"]
[White "Petrov, Martin"]
[Black "Jeitz, Christian"]
[Result "1-0"]
[WhiteElo "2465"]
[BlackElo "2222"]
[Annotator "TA"]
[PlyCount "91"]
[EventDate "2019.04.18"]
[EventType "swiss"]
[EventCountry "GER"]
[SourceTitle "playchess.com"]
[Source "ChessBase"]
[SourceQuality "1"]

1. e4 c5 2. Nf3 Nc6 3. d4 cxd4 4. Nxd4 e6 5. Nc3 a6 6. Be2 d6 7. O-O Nf6 8. Be3 Be7 9. f4 O-O 10. Qe1 Nxd4 11. Bxd4 b5 12. a3 Bb7 13. Qg3 g6 14. Qe3 Nd7 15. Rad1 Qc7 16. Qh3 e5 17. fxe5 Nxe5 18. Qh6 f6 19. Qh3 Qc8 20. Qg3 Rf7 21. h4 Kh8 22. Rf4 Rg7 23. Bg4 Nxg4 24. Rxg4 Qe6 25. Rf1 Kg8 26. Rgf4 Rf8 27. Qf3 Rgf7 28. h5 g5 29. Rf5 Qc4 30. Qe3 Bc8 31. R5f2 Be6 32. b3 Qc7 33. h6 Qd8 34. Nd5 Bxd5 35. exd5 f5 36. Bg7 f4 37. Bxf8 fxe3 38. Rxf7 Bxf8 39. Rxf8+ Qxf8 40. Rxf8+ Kxf8 41. Kf1 Kf7 42. Ke2 Kg6 43. c4 bxc4 44. bxc4 Kf5 45. Kxe3 Ke5 46. g4 1-0

[Event "4th GRENKE Open 2019"]
[Site "Karlsruhe"]
[Date "2019.04.19"]
[Round "2.66"]
[White "Lodici, Lorenzo"]
[Black "Shyam Prasad Reddy K"]
[Result "0-1"]
[WhiteElo "2463"]
[BlackElo "2215"]
[Annotator "RC"]
[PlyCount "46"]
[EventDate "2019.04.18"]
[EventType "swiss"]
[EventCountry "GER"]
[SourceTitle "playchess.com"]
[Source "ChessBase"]
[SourceQuality "1"]

1. e4 e5 2. Nf3 Nc6 3. Bc4 Nf6 4. d3 Be7 5. O-O O-O 6. Re1 d6 7. a4 Be6 8. Bxe6 fxe6 9. a5 a6 10. c3 Qd7 11. Nbd2 h6 12. Nc4 Qe8 13. d4 Qh5 14. h3 Qg6 15. Qe2 Nh5 16. Ra3 Rf7 17. d5 Raf8 18. dxc6 Rxf3 19. cxb7 Rxh3 20. Rb3 Ng3 21. fxg3 Qxg3 22. Bf4 Rxf4 23. b8=Q+ Kh7 0-1

[Event "4th GRENKE Open 2019"]
[Site "Karlsruhe"]
[Date "2019.04.19"]
[Round "2.67"]
[White "Kevlishvili, Robby"]
[Black "Mueer, Sebastian"]
[Result "1-0"]
[WhiteElo "2451"]
[BlackElo "2213"]
[Annotator "TA"]
[PlyCount "41"]
[EventDate "2019.04.18"]
[EventType "swiss"]
[EventCountry "GER"]
[SourceTitle "playchess.com"]
[Source "ChessBase"]
[SourceQuality "1"]

1. e4 c5 2. Nf3 d6 3. d4 cxd4 4. Nxd4 Nf6 5. Nc3 g6 6. Be3 Bg7 7. f3 O-O 8. Qd2 Nc6 9. O-O-O d5 10. Nxc6 bxc6 11. Bh6 Bxh6 12. Qxh6 Rb8 13. e5 Nd7 14. Rd4 f6 15. e6 f5 16. exd7 Bxd7 17. Qf4 e6 18. Qe5 c5 19. Rd1 Qb6 20. b3 c4 21. Bxc4 1-0

[Event "4th GRENKE Open 2019"]
[Site "Karlsruhe"]
[Date "2019.04.19"]
[Round "2.68"]
[White "Mesaros, Florian"]
[Black "Oberhofer, Cedric"]
[Result "1-0"]
[WhiteElo "2447"]
[BlackElo "2212"]
[Annotator "RC"]
[PlyCount "117"]
[EventDate "2019.04.18"]
[EventType "swiss"]
[EventCountry "GER"]
[SourceTitle "playchess.com"]
[Source "ChessBase"]
[SourceQuality "1"]

1. Nf3 Nf6 2. c4 c5 3. Nc3 Nc6 4. g3 d5 5. d4 e6 6. cxd5 Nxd5 7. Bg2 Be7 8. O-O O-O 9. Nxd5 exd5 10. dxc5 Bxc5 11. Bg5 Qb6 12. Ne1 h6 13. Bd2 Bf5 14. Nd3 Bxd3 15. exd3 Rad8 16. Rc1 Rfe8 17. Bc3 Nd4 18. Re1 Re6 19. Rxe6 Qxe6 20. Kf1 Qf5 21. Bxd4 Bxd4 22. Qf3 Qxf3 23. Bxf3 Bxb2 24. Rb1 Bd4 25. Rxb7 Bb6 26. h4 g6 27. h5 g5 28. Kg2 Kg7 29. a4 Kf6 30. a5 Bxa5 31. Rxa7 Bb4 32. Rb7 Bc3 33. Rb6+ Kg7 34. Rb5 d4 35. Rb7 Rd6 36. Be4 Rf6 37. Rd7 Kf8 38. f3 Ke8 39. Rb7 Be1 40. Kh3 Bf2 41. Kg4 Be3 42. Rb8+ Ke7 43. Ra8 Bd2 44. Rc8 Be3 45. Bc6 Bf2 46. f4 gxf4 47. gxf4 Be3 48. f5 Kd6 49. Bb5 Ke7 50. Re8+ Kd6 51. Ba4 Bg1 52. Kf4 Be3+ 53. Ke4 Bg1 54. Bb5 Bf2 55. Rg8 Be3 56. Rb8 Kc7 57. Rf8 Kd6 58. Ra8 Ke7 59. Ke5 1-0

[Event "4th GRENKE Open 2019"]
[Site "Karlsruhe"]
[Date "2019.04.19"]
[Round "2.74"]
[White "Salzgeber, Frank"]
[Black "Salzgeber, Frank"]
[Result "1-0"]
[WhiteElo "2208"]
[BlackElo "2208"]
[Annotator "TA"]
[PlyCount "65"]
[EventDate "2019.04.18"]
[EventType "swiss"]
[EventCountry "GER"]
[SourceTitle "playchess.com"]
[Source "ChessBase"]
[SourceQuality "1"]

1. d4 d5 2. c4 e6 3. Nc3 Nf6 4. cxd5 exd5 5. Bg5 Be7 6. e3 c6 7. Qc2 Nbd7 8. Bd3 h6 9. Bh4 Nh5 10. Bxe7 Qxe7 11. O-O-O Nb6 12. Kb1 Nf6 13. Nf3 Bg4 14. Rdg1 O-O-O 15. Nd2 Kb8 16. Ka1 Bc8 17. Rb1 Ng4 18. Nb3 h5 19. Nc5 Qf6 20. h3 Nh6 21. b4 Nf5 22. b5 Rd6 23. Rb4 Rhd8 24. Qb2 Ne7 25. a4 Ka8 26. Rb1 Nd7 27. bxc6 Nxc6 28. Rxb7 Nb6 29. Rxb6 axb6 30. Qxb6 Qe7 31. Nxd5 Rxd5 32. Qxc6+ Bb7 33. Rxb7 1-0

[Event "4th GRENKE Open 2019"]
[Site "Karlsruhe"]
[Date "2019.04.19"]
[Round "2.75"]
[White "Carre, Sylvain"]
[Black "Carlstedt, Jonathan"]
[Result "1-0"]
[WhiteElo "2224"]
[BlackElo "2433"]
[Annotator "TA"]
[PlyCount "59"]
[EventDate "2019.04.18"]
[EventType "swiss"]
[EventCountry "GER"]
[SourceTitle "playchess.com"]
[Source "ChessBase"]
[SourceQuality "1"]

1. d4 g6 2. e4 Bg7 3. Nc3 a6 4. f4 d6 5. Nf3 b5 6. Be2 Bb7 7. a3 Nd7 8. O-O c5 9. Kh1 cxd4 10. Nxd4 Ngf6 11. Bf3 e5 12. Nb3 Qc7 13. Be3 O-O 14. Qd3 Rad8 15. Rad1 Nc5 16. Nxc5 dxc5 17. Nd5 Bxd5 18. exd5 e4 19. Bxe4 c4 20. Qd4 Nxd5 21. Qc5 Qxc5 22. Bxc5 Nf6 23. Bxf8 Rxd1 24. Rxd1 Nxe4 25. Bxg7 Nf2+ 26. Kg1 Nxd1 27. Bd4 c3 28. b3 a5 29. Kf1 a4 30. Ke2 1-0

[Event "4th GRENKE Open 2019"]
[Site "Karlsruhe"]
[Date "2019.04.19"]
[Round "2.76"]
[White "Kerem, Halil Ozgun"]
[Black "Monroy, Charles"]
[Result "1/2-1/2"]
[WhiteElo "2223"]
[BlackElo "2433"]
[Annotator "TA"]
[PlyCount "74"]
[EventDate "2019.04.18"]
[EventType "swiss"]
[EventCountry "GER"]
[SourceTitle "playchess.com"]
[Source "ChessBase"]
[SourceQuality "1"]

1. Nf3 Nf6 2. g3 g6 3. Bg2 Bg7 4. d4 d6 5. O-O O-O 6. c4 Nc6 7. Nc3 a6 8. h3 Bd7 9. e4 e5 10. dxe5 dxe5 11. Re1 Be6 12. Nd5 Nd7 13. Be3 Re8 14. Rc1 Nf8 15. b4 f5 16. b5 axb5 17. cxb5 fxe4 18. bxc6 bxc6 19. Nb4 Qxd1 20. Rexd1 exf3 21. Bxf3 Ra5 22. Kh2 Bf7 23. Bxc6 Rb8 24. Rb1 Ne6 25. Nd5 Rd8 26. Nc3 Nd4 27. Bg5 Rf8 28. Bg2 Be6 29. Rd2 c5 30. Rb7 Ra3 31. Ne4 Rxa2 32. Rxa2 Bxa2 33. Be7 Nf3+ 34. Bxf3 Rxf3 35. Rb8+ Bf8 36. Bxf8 Rxf8 37. Rxf8+ Kxf8 1/2-1/2

[Event "4th GRENKE Open 2019"]
[Site "Karlsruhe"]
[Date "2019.04.19"]
[Round "2.77"]
[White "Raja Harshit"]
[Black "Meyner, Hannes"]
[Result "1-0"]
[WhiteElo "2432"]
[BlackElo "2204"]
[Annotator "TA"]
[PlyCount "87"]
[EventDate "2019.04.18"]
[EventType "swiss"]
[EventCountry "GER"]
[SourceTitle "playchess.com"]
[Source "ChessBase"]
[SourceQuality "1"]

1. e4 c6 2. Nc3 d5 3. Nf3 Nf6 4. e5 Ne4 5. Ne2 Qb6 6. d4 e6 7. Ng3 c5 8. Bd3 Nxg3 9. fxg3 cxd4 10. O-O Nc6 11. Qe2 h6 12. a3 Bd7 13. b4 a6 14. Qf2 Be7 15. c3 Rc8 16. cxd4 Nd8 17. Re1 Bb5 18. Bb1 Nc6 19. g4 Ba4 20. Rf1 Bb5 21. Re1 Ba4 22. Bd3 Bb5 23. Bc2 a5 24. bxa5 Qxa5 25. Bd2 Qa7 26. Rab1 Ba4 27. Bd3 Bd8 28. Rf1 Rf8 29. Be3 b5 30. Rfc1 Bb6 31. Bxb5 Bxb5 32. Rxb5 Kd7 33. Rcb1 Rb8 34. a4 Bc7 35. g5 h5 36. g6 fxg6 37. Rc1 Qxa4 38. Rbc5 Rb6 39. Qg3 Rfb8 40. Qxg6 Bd8 41. Qf7+ Ne7 42. Bg5 R8b7 43. Bxe7 Bxe7 44. Rc8 1-0

[Event "4th GRENKE Open 2019"]
[Site "Karlsruhe"]
[Date "2019.04.19"]
[Round "2.78"]
[White "Kilgus, Georg"]
[Black "Lorscheid, Gerhard"]
[Result "1/2-1/2"]
[WhiteElo "2429"]
[BlackElo "2202"]
[Annotator "TA"]
[PlyCount "94"]
[EventDate "2019.04.18"]
[EventType "swiss"]
[EventCountry "GER"]
[SourceTitle "playchess.com"]
[Source "ChessBase"]
[SourceQuality "1"]

1. Nf3 Nf6 2. g3 d5 3. Bg2 g6 4. d4 Bg7 5. c4 c6 6. O-O O-O 7. b3 a5 8. Nc3 Bf5 9. Bb2 Ne4 10. e3 Nxc3 11. Bxc3 Be4 12. Qe2 e6 13. Rfd1 Qf6 14. a4 Rd8 15. Rac1 Nd7 16. c5 Rdc8 17. Rd2 Qe7 18. Rb2 e5 19. Bh3 Bxf3 20. Qxf3 Re8 21. b4 Nf6 22. Qd1 Ne4 23. Be1 exd4 24. exd4 Qf6 25. bxa5 Qxd4 26. Qxd4 Bxd4 27. Rb4 Bg7 28. Bd7 Re7 29. Rxb7 Nxc5 30. Rxc5 Rxe1+ 31. Kg2 Bf8 32. Rxc6 Rxa5 33. Rcc7 Rc5 34. Bb5 Rxc7 35. Rxc7 Bb4 36. Rd7 Rd1 37. Bc4 Kf8 38. Rxd5 Rxd5 39. Bxd5 f5 40. Kf3 Ke7 41. Ke2 g5 42. Kd3 Be1 43. f3 h5 44. Kc4 Kd6 45. Bf7 h4 46. gxh4 Bxh4 47. a5 f4 1/2-1/2

[Event "4th GRENKE Open 2019"]
[Site "Karlsruhe"]
[Date "2019.04.19"]
[Round "2.79"]
[White "Sahin, Ozgun"]
[Black "Lagunow, Raphael"]
[Result "0-1"]
[WhiteElo "2220"]
[BlackElo "2428"]
[Annotator "TA"]
[PlyCount "62"]
[EventDate "2019.04.18"]
[EventType "swiss"]
[EventCountry "GER"]
[SourceTitle "playchess.com"]
[Source "ChessBase"]
[SourceQuality "1"]

1. e4 c5 2. c3 Nf6 3. e5 Nd5 4. d4 cxd4 5. Nf3 Nc6 6. Bc4 Nb6 7. Bb3 d6 8. exd6 Qxd6 9. O-O Be6 10. Na3 dxc3 11. Nb5 Qxd1 12. Rxd1 Rc8 13. Bxe6 fxe6 14. bxc3 Nc4 15. Re1 e5 16. Na3 Nd6 17. Nxe5 Nxe5 18. Rxe5 a6 19. Bd2 g6 20. Rae1 Kf7 21. g4 h5 22. g5 Nf5 23. c4 Bg7 24. R5e4 Rhd8 25. Bb4 Rd7 26. Nc2 b5 27. Na3 e5 28. cxb5 Nd4 29. Kg2 axb5 30. Rd1 Ke6 31. f3 Rd5 0-1

[Event "4th GRENKE Open 2019"]
[Site "Karlsruhe"]
[Date "2019.04.19"]
[Round "2.81"]
[White "Damia, Angelo"]
[Black "Gilevych, Artem"]
[Result "0-1"]
[WhiteElo "2215"]
[BlackElo "2423"]
[Annotator "TA"]
[PlyCount "202"]
[EventDate "2019.04.18"]
[EventType "swiss"]
[EventCountry "GER"]
[SourceTitle "playchess.com"]
[Source "ChessBase"]
[SourceQuality "1"]

1. e4 c5 2. Nf3 g6 3. d4 cxd4 4. Nxd4 Bg7 5. c4 Nc6 6. Nc2 Nf6 7. Nc3 d6 8. Be2 Nd7 9. Be3 Bxc3+ 10. bxc3 Nc5 11. f3 b6 12. Nb4 Bb7 13. h4 Qd7 14. Bxc5 dxc5 15. Qxd7+ Kxd7 16. Nxc6 Bxc6 17. Kf2 h6 18. Ke3 Kc7 19. Rad1 Rae8 20. Rd2 Rhf8 21. Bd3 f5 22. Re1 f4+ 23. Ke2 Rf6 24. Bc2 e5 25. Red1 Rg8 26. Kf2 g5 27. hxg5 Rxg5 28. Rh1 Be8 29. Bb3 Rfg6 30. Rh2 a6 31. Rd5 Bf7 32. Rd1 h5 33. Rd2 Rg7 34. Kf1 Be6 35. Kg1 Rg8 36. Kf1 Bf7 37. Kg1 Rg3 38. Kf1 R8g5 39. Rh4 Rg8 40. Rh2 R3g5 41. Kg1 Be6 42. Kf1 Rb8 43. Kf2 Rh8 44. Rh4 Rhg8 45. Kf1 a5 46. a4 R8g6 47. Rh1 Bd7 48. Rh2 Rh6 49. Rh4 Kd8 50. Rd5 Rhg6 51. Rd2 Ke7 52. Rh2 Be6 53. Kg1 Rg8 54. Kf1 Bf7 55. Kg1 Rc8 56. Kf2 Rc6 57. Rh1 Be8 58. Rh4 Re6 59. Kf1 Rg7 60. Rd5 Kf6 61. Rd8 Ke7 62. Rd5 Rh7 63. Kf2 Bc6 64. Rd2 Rg6 65. Kf1 Rh8 66. Kg1 Re6 67. Kf2 Kf6 68. Rd1 Kg5 69. g3 fxg3+ 70. Kxg3 Rg8 71. Rdh1 Kh6+ 72. Kf2 Rg5 73. Bd1 Rf6 74. Ke3 Be8 75. Rg4 Bf7 76. Be2 Kg6 77. Rgh4 Kg7 78. R1h3 Rg2 79. Rh2 Rxh2 80. Rxh2 Kh6 81. Rf2 Rf4 82. Rf1 h4 83. Rb1 Rf6 84. Rh1 Rf4 85. Rb1 h3 86. Kf2 Rh4 87. Rxb6+ Kg5 88. Kg1 h2+ 89. Kh1 Bh5 90. Rc6 Kf4 91. Rxc5 Bf7 92. Rxa5 Be6 93. Rb5 Bh3 94. Rb1 Kg3 95. Bf1 Be6 96. a5 Rf4 97. a6 Rxf3 98. a7 Rf8 99. Bg2 Bxc4 100. Rb7 Be2 101. c4 Rf1+ 0-1

[Event "4th GRENKE Open 2019"]
[Site "Karlsruhe"]
[Date "2019.04.19"]
[Round "2.82"]
[White "Warakomska, Anna"]
[Black "Inkiov, Ventzislav"]
[Result "0-1"]
[WhiteElo "2212"]
[BlackElo "2421"]
[Annotator "TA"]
[PlyCount "108"]
[EventDate "2019.04.18"]
[EventType "swiss"]
[EventCountry "GER"]
[SourceTitle "playchess.com"]
[Source "ChessBase"]
[SourceQuality "1"]

1. e4 e5 2. Nf3 Nc6 3. Bb5 f5 4. d3 fxe4 5. dxe4 Nf6 6. Nc3 Bb4 7. O-O Bxc3 8. bxc3 d6 9. Qd3 Bd7 10. Bc4 Na5 11. Bb3 Nxb3 12. cxb3 O-O 13. c4 Qe8 14. Nd2 Nh5 15. Nb1 Qg6 16. Nc3 Be6 17. f3 Rf7 18. Be3 Raf8 19. Kh1 b6 20. Qd2 Nf6 21. Rfd1 Qh5 22. a4 a5 23. Nd5 Ne8 24. Kg1 h6 25. Qf2 g5 26. Qg3 Kh7 27. Rf1 Qg6 28. h3 Rg8 29. Rf2 Ng7 30. Qh2 Rgf8 31. Raf1 Kg8 32. g4 h5 33. Qg3 h4 34. Qg2 Ne8 35. Rd1 Kh7 36. Qf1 Bc8 37. Qe2 Ng7 38. Kg2 Ne6 39. Qd2 Qg7 40. Rff1 Bb7 41. Rf2 c5 42. Qd3 Kh6 43. Nxb6 Nd4 44. Rdf1 Bc6 45. Nd5 Rb8 46. Bxd4 cxd4 47. Rb1 Rfb7 48. Qd2 Bxa4 49. Qxa5 Bxb3 50. Qa6 Qf8 51. Rfb2 Bd1 52. Qxb7 Rxb7 53. Rxb7 Qxf3+ 54. Kg1 Be2 0-1

[Event "4th GRENKE Open 2019"]
[Site "Karlsruhe"]
[Date "2019.04.19"]
[Round "2.84"]
[White "Rosner, Jonas"]
[Black "Kraemer, Enrico"]
[Result "1/2-1/2"]
[WhiteElo "2416"]
[BlackElo "2200"]
[Annotator "TA"]
[PlyCount "201"]
[EventDate "2019.04.18"]
[EventType "swiss"]
[EventCountry "GER"]
[SourceTitle "playchess.com"]
[Source "ChessBase"]
[SourceQuality "1"]

1. e4 e5 2. Nf3 Nc6 3. Bb5 a6 4. Bxc6 dxc6 5. O-O Bg4 6. h3 h5 7. d3 Qf6 8. Be3 Bxf3 9. Qxf3 Qxf3 10. gxf3 Bd6 11. Nd2 Ne7 12. Rfd1 Ng6 13. Kf1 f6 14. Nc4 Nh4 15. Ke2 g5 16. c3 O-O-O 17. b4 Ng6 18. a4 b6 19. Rdb1 Kb7 20. Ra2 Rhe8 21. Nd2 Be7 22. c4 Rg8 23. c5 Nf4+ 24. Bxf4 gxf4 25. Rc2 Rd4 26. Rc4 Rxc4 27. Nxc4 Ka7 28. Rc1 Rg2 29. Kf1 Rg8 30. Nd2 Kb7 31. Nb3 bxc5 32. bxc5 Kc8 33. Rc4 Kd7 34. Rb4 Ra8 35. Ke2 Rg8 36. Kf1 Ra8 37. d4 exd4 38. Rxd4+ Ke6 39. Rc4 Rb8 40. Nd4+ Kd7 41. Ne2 Rb1+ 42. Nc1 a5 43. Ke2 Rb2+ 44. Ke1 Rb1 45. Kd1 Rb2 46. Nd3 Ra2 47. Ke1 Ra1+ 48. Kd2 Ra2+ 49. Kd1 Ra1+ 50. Nc1 Ra3 51. Ke2 Bf8 52. Nd3 Ra2+ 53. Kf1 Ra1+ 54. Kg2 Bh6 55. e5 f5 56. Rd4+ Ke7 57. Nxf4 Bxf4 58. Rxf4 Ke6 59. Rh4 Kxe5 60. Rxh5 Rxa4 61. Rh7 Rc4 62. Rxc7 Rxc5 63. h4 Kf6 64. Ra7 Rc4 65. Rxa5 Rxh4 66. Rc5 Ra4 67. Rxc6+ Kg5 68. Kg3 Rb4 69. Rc8 Ra4 70. f4+ Kf6 71. Rc6+ Kf7 72. Rd6 Rb4 73. Kf3 Ra4 74. Ke3 Ra2 75. Rd2 Ra4 76. Rd4 Ra2 77. Rc4 Rb2 78. Kd4 Rxf2 79. Ke5 Ra2 80. Rc7+ Kf8 81. Rc6 Kf7 82. Rf6+ Kg7 83. Rd6 Kf7 84. Rd7+ Kf8 85. Kxf5 Ra6 86. Kg5 Rb6 87. f5 Ra6 88. Rb7 Rc6 89. Kf4 Ra6 90. Rd7 Rb6 91. Ke5 Ra6 92. Rd6 Rxd6 93. Kxd6 Kf7 94. Ke5 Ke7 95. f6+ Kf7 96. Kf5 Kf8 97. Kg5 Kf7 98. Kf5 Kf8 99. Ke6 Ke8 100. f7+ Kf8 101. Kf6 1/2-1/2

[Event "4th GRENKE Open 2019"]
[Site "Karlsruhe"]
[Date "2019.04.19"]
[Round "2.85"]
[White "Everett, Elijah"]
[Black "Kopylov, Michael"]
[Result "0-1"]
[WhiteElo "2210"]
[BlackElo "2414"]
[Annotator "TA"]
[PlyCount "76"]
[EventDate "2019.04.18"]
[EventType "swiss"]
[EventCountry "GER"]
[SourceTitle "playchess.com"]
[Source "ChessBase"]
[SourceQuality "1"]

1. e4 d5 2. exd5 Qxd5 3. Nc3 Qd6 4. d4 Nf6 5. Nf3 a6 6. g3 Bg4 7. Bg2 Nc6 8. h3 Bh5 9. O-O O-O-O 10. Be3 e5 11. dxe5 Nxe5 12. g4 Bg6 13. Nxe5 Qxe5 14. Qf3 c6 15. Bf4 Qa5 16. a3 Bd6 17. b4 Qc7 18. Bxd6 Qxd6 19. Rfd1 Qc7 20. g5 Nh5 21. a4 Qf4 22. b5 Qxf3 23. Bxf3 Kc7 24. bxc6 bxc6 25. Ne4 Nf4 26. Kh2 Rxd1 27. Rxd1 h6 28. gxh6 Rxh6 29. Kg3 Rxh3+ 30. Kxf4 Rxf3+ 31. Kxf3 Bh5+ 32. Ke3 Bxd1 33. Kd2 Bf3 34. Nc5 Kd6 35. Nb7+ Kd5 36. Ke3 Bg4 37. Kd3 Bf5+ 38. Kd2 c5 0-1

[Event "4th GRENKE Open 2019"]
[Site "Karlsruhe"]
[Date "2019.04.19"]
[Round "2.86"]
[White "Gokerkan, Cem Kaan"]
[Black "Gress, Alexander"]
[Result "1-0"]
[WhiteElo "2413"]
[BlackElo "2199"]
[Annotator "TA"]
[PlyCount "81"]
[EventDate "2019.04.18"]
[EventType "swiss"]
[EventCountry "GER"]
[SourceTitle "playchess.com"]
[Source "ChessBase"]
[SourceQuality "1"]

1. e4 c5 2. Nf3 d6 3. Bb5+ Nd7 4. d4 cxd4 5. Qxd4 a6 6. Bc4 Ngf6 7. O-O e5 8. Qd1 Be7 9. a4 O-O 10. Nc3 Qc7 11. Qe2 b6 12. Bd5 Bb7 13. Bxb7 Qxb7 14. Bg5 h6 15. Bh4 Rac8 16. Rfe1 Rc5 17. Nd2 d5 18. Nb3 Rxc3 19. Bxf6 Nxf6 20. bxc3 Nxe4 21. f3 Nxc3 22. Qxe5 Bf6 23. Qf5 Qc6 24. a5 b5 25. Kh1 Rd8 26. Re3 g6 27. Qd3 d4 28. Ree1 Nd5 29. Rac1 Nb4 30. Qd2 Qd6 31. Rcd1 Rc8 32. Nxd4 Bxd4 33. Qxd4 Qxd4 34. Rxd4 Nxc2 35. Rc1 Re8 36. Rd6 Re2 37. Rxa6 Ne3 38. Ra8+ Kg7 39. Re8 f5 40. a6 Kf7 41. a7 1-0